Gedichten

Saved in:  
Bibliographic Details
Main Author: Gryphius, Andreas 1616-1664 (Author)
Format: Print Article
Language:Dutch
Check availability: HBZ Gateway
Interlibrary Loan:Interlibrary Loan for the Fachinformationsdienste (Specialized Information Services in Germany)
Published: 1986
In: Wereldliteratuur en religie
Year: 1986, Pages: 39-40

MARC

LEADER 00000naa a22000002c 4500
001 1915190398
003 DE-627
005 20250121033022.0
007 tu
008 250121s1986 xx ||||| 00| ||dut c
035 |a (DE-627)1915190398 
035 |a (DE-599)KXP1915190398 
040 |a DE-627  |b ger  |c DE-627  |e rda 
041 |a dut 
084 |a 0  |2 ssgn 
100 1 |e VerfasserIn  |0 (DE-588)118543032  |0 (DE-627)133867080  |0 (DE-576)161225284  |4 aut  |a Gryphius, Andreas  |d 1616-1664 
109 |a Der Unsterbliche 1616-1664  |a Riesentod, Philip-Gregorius 1616-1664  |a Unsterbliche, Der 1616-1664  |a Riesentod, Philius Gregorius 1616-1664  |a Gryplius, A. 1616-1664  |a Risentodt, Philipp Gregorius 1616-1664  |a Gryphivs, Andreas 1616-1664  |a Gryphius 1616-1664  |a Gryphius, Andreas 1616-1664  |a Griph, Andreas 1616-1664  |a Gryph, Andreas 1616-1664  |a Grifius, Andreas 1616-1664  |a Greif, Andreas 1616-1664  |a Gripʹiusi, Andreas 1616-1664 
245 1 0 |a Gedichten 
264 1 |c 1986 
336 |a Text  |b txt  |2 rdacontent 
337 |a ohne Hilfsmittel zu benutzen  |b n  |2 rdamedia 
338 |a Band  |b nc  |2 rdacarrier 
773 0 8 |i Enthalten in  |a Küng, Hans, 1928 - 2021  |t Wereldliteratuur en religie  |d Hilversum : Gooi en Sticht, 1986  |g (1986), Seite 39-40  |h 287 S.  |w (DE-627)1096757788  |w (DE-576)026757788  |7 nnam 
773 1 8 |g year:1986  |g pages:39-40 
935 |a mteo 
951 |a AR 
ELC |b 1 
ITA |a 1  |t 1 
LOK |0 000 xxxxxcx a22 zn 4500 
LOK |0 001 4654636080 
LOK |0 003 DE-627 
LOK |0 004 1915190398 
LOK |0 005 20250121032920 
LOK |0 008 250121||||||||||||||||ger||||||| 
LOK |0 035   |a (DE-Tue135)1096757788_1986_39 
LOK |0 040   |a DE-Tue135  |c DE-627  |d DE-Tue135 
LOK |0 092   |o n 
LOK |0 852   |a DE-Tue135 
LOK |0 852 1  |9 00 
LOK |0 935   |a imwa  |a ixau  |a rwrk 
LOK |0 939   |a 21-01-25  |b l01 
ORI |a SA-MARC-ixtheoa001.raw 
REL |a 1 
SUB |a REL